Questions-réponses sur Chamonix - Statistiques

Statistiques générales
  • Ce quiz a été pris 25 fois
  • Le résultat moyen est 9 sur 16
Statistiques - réponses
Questions Réponses % Correct
Plus haut sommet d'Europe occidentale que l'on retrouve sur la commune de Chamonix. Le Mont Blanc
100%
Pays limitrophe de la commune de Chamonix que l'on peut gagner depuis la ville par le tunnel qui porte le nom du Mont précédent. L'Italie
100%
Massif montagneux au cœur duquel se situe Chamonix. Les Alpes
95%
Fleuve dont le précédent est un affluent. Le Rhône
86%
Nom donné aux habitants de Chamonix. Les Chamoniards
86%
Cours d'eau qui traverse Chamonix. L'Arve
81%
Événement mondial organisé pour la première fois à Chamonix en 1924 (réponse précise). Les Jeux olympiques d'hiver
76%
Sainte femme représentée par une statue culminant à 3 820 mètres, sur le Mont Dolent dans la commune de Chamonix. La Vierge Marie
67%
Station thermale du pays précédent réputée pour ses eaux sulfureuses. Elle est la première ville du pays que l'on peut rencontrer depuis Chamonix en prenant le tunnel évoqué à la question précédente. Courmayeur
62%
Ancien duché dans lequel se situe Chamonix. La Savoie
43%
Année au cours de laquelle Chamonix était pour la première fois, une ville d'arrivée d'étape du Tour de France. Il s'agissait d'une étape de 344 kilomètres depuis Belfort, remportée par le Roubaisien, double vainqueur de Paris-Roubaix, Charles Crupelandt. L'étape suivante partait de Chamonix pour rejoindre Grenoble par-delà de grands cols comme - pour la première fois dans l'histoire - le Galibier. 1911
29%
Ville de Suisse actuelle dont le comte Aymon Ier fit don de l'ensemble de la Vallée de Chamonix aux moines de l'ordre précédent vers 1091. Genève
29%
Établissement religieux fondé par des moines au XIIe siècle et qui fut ravagé par un incendie en 1758. Il donne son nom à un hôtel spa 4 étoiles dans la station, à six minutes à pied du télécabine de l'Aiguille du Midi : "Le _____ de Chamonix" et "Le Chalet-Hôtel Le _____ & Spa". Le Prieuré
29%
Célèbre alpiniste qui fut maire de Chamonix de 1968 à 1977 et qui défigura partiellement la ville par des constructions bétonnées résolument modernes. Maurice Herzog
24%
Archange dédicataire de l'Abbaye située à environ 30 kilomètres de Turin, abbaye dont les moines possédaient l'établissement religieux cité plus haut (réponse #10). Saint Michel (l'Abbaye Saint Michel-de-la-Cluse)
14%
Ordre monastique qui fonda l'établissement précédent. L'Ordre de saint Benoît / Les Bénédictins
10%
Aucun quiz correspondant
Distribution des résultats
% des personnes avec chaque résultat
Percentile par nombre de réponses
Votre historique - résultats
Vous n’avez pas pris ce quiz